00302nam a2200121Ia 4500008004100000020001500041041001200056100001500068245004800083260002500131300000800156650001600164221030s9999 xx 000 0 und d a8120308557 aEnglish aM. M. Mano 0aComputer System Architecturecby M. M. Mano bPHIaNew Delhic2001 a525 aBB Computer